Laddar...

Molecular genetics of bacteria /

Bibliografiska uppgifter
Huvudupphovsman: Dale, Jeremy W.
Övriga upphovsmän: Park , Simon F.
Språk:Undetermined
Publicerad: U. K. : Wiley , 2004.
Upplaga:4th ed.
Ämnen:
LEADER 00588nam a2200193Ia 4500
001 143956
008 170722s9999 xx 000 0 und d
020 |a 0471977837 
100 |a Dale, Jeremy W. 
245 |a Molecular genetics of bacteria / 
250 |a 4th ed. 
260 |a U. K. :  |b Wiley ,  |c 2004. 
653 |a Bacteria 
653 |a Molecular Genetics 
700 |a Park , Simon F. 
923 |d 20050817  |n 068 
942 |c GEN 
999 |c 131770  |d 131770 
952 |0 0  |1 0  |4 0  |6 E_9I216_P4  |7 0  |9 186197  |a LIB  |b LIB  |d 2013-03-25  |e Arunima Book Distributors  |o E9I21:6 P4  |p 259236  |r 2017-08-12  |w 2017-08-12  |y GEN